|
|
|
|
| LEADER |
00804nam a2200217 a 4500 |
| 001 |
GR-Patra30889 |
| 008 |
120420s2011 gr g 000 0 gre d |
| 020 |
|
|
|a 9789604266265
|
| 040 |
|
|
|a GrPaTEI
|b gre
|c GR-PaULI
|
| 040 |
|
|
|a GrPaTEI
|b gre
|c GR-PaULI
|
| 084 |
|
|
|a Μ
|
| 100 |
1 |
|
|a Μαγγίδης, Πασχάλης
|
| 245 |
1 |
0 |
|a Στη χάση του φεγγαριού /
|c Πασχάλης Μαγγίδης.
|
| 260 |
|
|
|a Αθήνα :
|b Ιωλκός,
|c c2011
|
| 300 |
|
|
|a 349σ.
|
| 650 |
|
4 |
|a ΜΥΘΙΣΤΟΡΗΜΑ
|
| 710 |
0 |
|
|a ΙΩΛΚΟΣ
|
| 942 |
|
|
|2 ddc
|
| 952 |
|
|
|0 0
|1 0
|2 ddc
|4 0
|6 Μ_ΜΑΓ
|7 0
|9 313319
|a LISK
|b LISK
|c BSC
|d 2021-01-17
|e 24
|f 0
|g 0.00
|l 0
|o Μ ΜΑΓ
|p 92410051410
|r 2021-01-17 00:00:00
|t 1
|w 2021-01-17
|y BK15
|x 20120420 0 1
|x GrPaTEI
|
| 971 |
|
|
|a .b26784610
|b 16-04-20
|c 26-09-16
|
| 999 |
|
|
|c 179292
|d 179292
|